00377nam a2200121Ia 4500008004100000040001700041041001200058082001800070100002100088245010300109260002700212300001600239230917s9999||||xx |||||||||||||| ||und|| e100937aMAIN aEnglish a341.2 M 897 A aMuldoon, James P 4aThe Architecture of Global Governance: An introduction to the study of international organizations aOxfordbWestviewc2004 axiv, 322 p.